000 00672nam a2200265Ia 4500
005 20260121161442.0
008 008 260114s9999 xx 000 0 eng d
020 _a9780203857168
037 _aEBOOK
040 _aCRL
040 _beng
040 _cCRL
041 _2eng
041 _aeng
084 _qCRL
100 _aLanguage, Culture, and Community in Teacher Education
_91045030
245 0 _aMaria Estela Brisk
260 _bTaylor and Francis
260 _c2008
650 _aMulticultural Education
_91045031
856 _uhttp://www.taylorfrancis.com/books/9780203857168
942 _cEBOOK
999 _c1610923
_d1610923